00792nam a22002177a 450000500170000001000150001702000260003203500130005803700130007108200170008410000140010124501110011524600360022624600220026226000470028427001070033130000260043865000360046465000260050065000480052620130910122742.0 aENG-108297 c550.00a9789350353264 aEN-91830 bDBAD/PUB a345.5402532  aDas, P.K. aHandbook on new anti-rape law :cby P.K. Dasbbased on new criminal law amendment act, 2013 (13 of 2013) / a Hand book on new anti-rape law aNew anti-rape law aNew DelhibUniversal Law Publishing c2013 aC-FF-1A, Dilkhush Industrial Estate, (near Azadpur Metro Station) G.T. Karnal Road,bNew Delhie110033 axxix,472p.c24cm(pbk) a RapezIndia |x Trial practice. aCriminal lawz India. a Womenx Legal status, laws, etc. |z India.